000 00601nam a22001937a 4500
001 0
003 OSt
005 20190204162728.0
008 180329b xxu||||| |||| 00| 0 eng d
020 _a9788126505548
040 _cBT-PhCST
_bBT-PhCST
_dBT-PhCST
050 _a16285
082 _222
_a005.74
_bKIM
100 _aKimball, Ralph and Caserta, Joe.
245 _aThe data warehouse ETL toolkit:
_bpractical techniques for extracting, cleaning, conforming, and delivering data /
260 _aNew Delhi,
_bWiley Publication,
_cc2011.
300 _axxviii, 491p. ;
_bill. ;
_c23 cm.
942 _2ddc
_cIT
_02
999 _c843
_d843